The Walking Dead Character Quiz - Statistics

General Stats
  • This quiz has been taken 412 times
  • The average score is 32 of 54
Answer Stats
Actor Seasons Answer % Correct
Andrew Lincoln 1-9 Rick Grimes
98%
Jon Bernthal 1-2 Shane
95%
Steven Yuen 1-7 Glenn
93%
Lauren Cohan 2-11 Maggie
92%
Chandler Riggs 1-8 Carl Grimes
91%
Melissa McBride 1-11 Carol
91%
Norman Reedus 1-11 Daryl Dixon
90%
Sarah WayneCallies 1-3 Lori Grimes
89%
Danai Gurira 3-10 Michonne
88%
Scott WIlson 2-4 Hershel
86%
Jeffrey Dean Morgan 6-11 Negan
85%
Laurie Holden 1-3 Andrea
84%
Emily Kinney 2-5 Beth
84%
Jeffrey DeMunn 1-2 Dale
81%
Michael Cudlitz 4-7 Abraham
80%
Christian Serratos 4-11 Rosita
79%
Michael Rooker 1-3 Merle Dixon
78%
Josh McDermitt 4-11 Eugene
76%
Sonequa Martin-Green 3-7 Sasha
75%
Alanna Masterson 4-9 Tara
71%
Lennie James 1/3/5-8 Morgan
69%
Ross Marquand 5-11 Aaron
66%
Seth Gilliam 5-11 Gabriel
66%
Chad Coleman 3-5 Tyreese
66%
David Morrissey 3-4 The Governor
63%
Tom Payne 6-9 Jesus
61%
Samantha Morton 9-10 Alpha
60%
Khary Payton 7-11 Ezekiel
60%
Ryan Hurst 9-10 Beta
56%
Steven Ogg 6-8 Simon
56%
Cailey Fleming 9-11 Judith Grimes
55%
Lawrence Gillard Jr. 4-5 Bob
54%
Austin Amelio 6-8 Dwight
54%
Katelyn Nacon 5-9 Enid
50%
Cassady McClincy 9-11 Lydia
44%
Lauren Ridloff 9-11 Connie
43%
Austin Nichols 5-7 Spencer
42%
Eleanor Matsurra 9-11 Yumiko
42%
Tovah Feldshuh 5-6 Deanna
40%
Cooper Andrews 7-11 Jerry
39%
Nadia Hilker 9-11 Magna
39%
Paola Lazaro 10-11 Princess
36%
Avi Nash 8-10 Siddiq
36%
Pollyanna McIntosh 7-9 Jadis
35%
Andrew J. West 4-5 Gareth
34%
Xander Berkeley 6-9 Gregory
34%
Alexandra Breckenridge 5-6 Jessie
33%
Angel Theory 9-11 Kelly
31%
Michael James Shaw 11 Mercer
31%
Callan McAuliffe 8-11 Alden
29%
Lynn Collins 10-11 Leah
22%
Laila Robins 11 Pamela Milton
18%
Margot Bingham 9-11 Max
15%
Josh Hamilton 11 Lance Hornsby
12%
No matching quizzes found
Score Distribution
Percent of People with Each Score
Percentile by Number Answered
Your Score History
You have not taken this quiz